Mexico on the verge / (Record no. 150734)
[ view plain ]
| 000 -LEADER | |
|---|---|
| campo de control de longitud fija | 00471nam a2200169 i 4500 |
| 001 - NÚMERO DE CONTROL | |
| campo de control | 150734 |
| 003 - IDENTIFICADOR DE NÚMERO DE CONTROL | |
| campo de control | ES-MaACL |
| 005 - FECHA Y HORA DE LA ÚLTIMA TRANSACCIÓN | |
| campo de control | 20230906203653.0 |
| 007 - CAMPO FIJO DE DESCRIPCIÓN FÍSICA--INFORMACIÓN GENERAL | |
| campo de control de longitud fija | t| |
| 008 - DATOS DE LONGITUD FIJA--INFORMACIÓN GENERAL | |
| campo de control de longitud fija | 071107s1921 xxk ||||1| eng d |
| 100 0# - ENTRADA PRINCIPAL--NOMBRE DE PERSONA | |
| Nombre de persona | Dillon, E. J. |
| 9 (RLIN) | 44816 |
| 245 10 - MENCIÓN DEL TÍTULO | |
| Título | Mexico on the verge / |
| Mención de responsabilidad, etc. | by E. J. Dillon. |
| 260 ## - PUBLICACIÓN, DISTRIBUCIÓN, ETC. | |
| Lugar de publicación, distribución, etc. | London : |
| Nombre del editor, distribuidor, etc. | Hutchinson, |
| Fecha de publicación, distribución, etc. | [1921] |
| 300 ## - DESCRIPCIÓN FÍSICA | |
| Extensión | VIII, 328 p. : |
| Otras características físicas | il. ; |
| Dimensiones | 24 cm. |
| 651 #4 - PUNTO DE ACCESO ADICIONAL DE MATERIA--NOMBRE GEOGRÁFICO | |
| Nombre geográfico | México- |
| Subdivisión general | Historia- |
| Subdivisión geográfica | 1910-1946. |
| 9 (RLIN) | 9066 |
| 852 ## - LOCALIZACIÓN | |
| Ubicación | ES-MaACL |
| Número de control de estantería | C-2811 |
| Estatus retirado | Estado de pérdida | Estado de daño | No para préstamo | Biblioteca de origen | Biblioteca actual | Ubicación en estantería | Fecha de adquisición | Fuente de adquisición | Total de préstamos | Signatura topográfica completa | Código de barras | Visto por última vez | Precio de reemplazo | Tipo de ítem Koha |
|---|---|---|---|---|---|---|---|---|---|---|---|---|---|---|
| Biblioteca del Ateneo de Madrid | Biblioteca del Ateneo de Madrid | Sala Palomar | 17/01/2008 | C-2811 | 1157283 | 23/02/2023 | 23/02/2023 | Libro impreso |
